La etapa oligárquica y la cuestión democrática: notas preliminares

Збережено в:
Бібліографічні деталі
Автор: Cavarozzi, Marcelo
Формат: Текст
Опубліковано: Quito :
Теги: Додати тег
Немає тегів, Будьте першим, хто поставить тег для цього запису!

MARC

LEADER 00000 a a2200000 04500
001 16152
003
040
090 |a SO.0001 C749c  
100 |a Cavarozzi, Marcelo  
245 |a La etapa oligárquica y la cuestión democrática: notas preliminares  
260 |a Quito :  
300 |a 15 p.  
999 |c 15655  |d 15655